000 00298nam a2200109Ia 4500
005 20251222114408.0
008 251222s1900||||xx |||||||||||||| ||spa||
082 _aDVD0092/J92P/2006
245 0 _aPasión y Muerte de Jesús: Consideraciones Médicas.
264 _bRojas Solís, Alberto.
942 _cDVD
999 _c1907
_d1907